000 00253nam a2200109Ia 4500
008 151213s9999 xx 000 0 und d
245 _aA Basic English Crammer with Exercise
300 _a2402 p.
650 _aEnglish
650 _aEnglish
999 _c1678
_d1678